Nâng cao đạo đức cách mạng quét sạch chủ nghĩa cá nhân

Sách thu thập một số bài nói chuyện của Hồ Chí Minh về nâng cao đạo đức cách mạng, quét sạch chủ nghĩa cá nhân, thực hành tiết kiệm, chống tham ô lãng phí quan liêu, đoàn kết giành những thắng lợi mới trong nhân dân....

وصف كامل

محفوظ في:
التفاصيل البيبلوغرافية
المؤلف الرئيسي: Hồ, Chí Minh
التنسيق: كتاب
اللغة:Undetermined
منشور في: Hà Nội Chính trị Quốc gia 2007
الموضوعات:
الوسوم: إضافة وسم
لا توجد وسوم, كن أول من يضع وسما على هذه التسجيلة!
Thư viện lưu trữ: Trung tâm Học liệu Trường Đại học Cần Thơ
LEADER 00986nam a2200217Ia 4500
001 CTU_123099
008 210402s9999 xx 000 0 und d
020 |c 9000 
082 |a 324.2597075 
082 |b M312 
100 |a Hồ, Chí Minh 
245 0 |a Nâng cao đạo đức cách mạng quét sạch chủ nghĩa cá nhân 
245 0 |c Hồ Chí Minh 
260 |a Hà Nội 
260 |b Chính trị Quốc gia 
260 |c 2007 
520 |a Sách thu thập một số bài nói chuyện của Hồ Chí Minh về nâng cao đạo đức cách mạng, quét sạch chủ nghĩa cá nhân, thực hành tiết kiệm, chống tham ô lãng phí quan liêu, đoàn kết giành những thắng lợi mới trong nhân dân. 
650 |a Ho Chi Minh,Communism ethics 
650 |x Biography,Revolutionists 
904 |i Hiếu, Huỳnh Mai 
980 |a Trung tâm Học liệu Trường Đại học Cần Thơ